Forest school and outdoor learning in the early years

Saved in:
Bibliographic Details
Main Author: KNIGHT, Sara
Format: Book
Language:English
Published: SAGE 2013
Tags: Add Tag
No Tags, Be the first to tag this record!

MARC

LEADER 00000nam a22000007a 4500
008 201221b ||||| |||| 00| 0 eng d
020 |a : 978-1-4462-5531-5 
100 |a KNIGHT, Sara 
245 |a Forest school and outdoor learning in the early years  |c Sara Knight  |g viii, 161p.: ill. 
250 |b 2ND 
260 |b SAGE  |c 2013  |h Los Angeles  |i 692285   |i 692286  |l LB1047 .K74  |m Outdoor education  |m Early childhood education 
500 |a “It includes bibliographical references and index”. 
942 |a lcc  |c BK  |e O.A.JOHNSON  |f 21/12/20 
952 |0 0  |1 0  |2 lcc  |4 0  |6 LB1047 K74  |7 0  |9 997  |a HOL  |b ED  |c LP  |d 2020-12-21  |o LB1047 .K74  |p 2020-230221  |r 2020-12-21 00:00:00  |w 2020-12-21  |y BK 
952 |0 0  |1 0  |2 lcc  |4 0  |6 LB1047 K74  |7 0  |9 998  |a HOL  |b HOL  |c LP  |d 2020-12-21  |l 0  |o LB1047 .K74  |p 2020-230222  |r 2020-12-21 00:00:00  |w 2020-12-21  |y BK 
999 |c 516  |d 516